Z tvorivej dielne slovenských umelcov So zaslúžilým umelcom dr. Viliamom Turčánym o väzbách slova a hudby

Bibliographic Details
Main Author: -e- (Author)
Other Authors: Košírer, M. (gup)
Format: Article
Language:Slovak
Subjects:

MARC

LEADER 00000nab a2200000 a 4500
001 vtls000161749
003 SK-MaSNL
005 20260302202454.0
008 160215c1983 xo 0 slo
015 |a SNBRB19rr/mm-uuuuu 
035 |a CL0171860 
040 |a SNKBUCL  |b slo  |c SNKBUCL  |e AACR2 
041 0 |a slo 
044 |a xo  |c SK 
080 |a 82:929:885.4  |2 1981 
080 |a 885.4  |2 1981 
080 |a 7.096  |2 1981 
080 |a 82  |2 1981 
080 |a 78  |2 1981 
100 1 |a -e-  |4 aut  |9 866440 
245 1 0 |a Z tvorivej dielne slovenských umelcov  |b So zaslúžilým umelcom dr. Viliamom Turčánym o väzbách slova a hudby  |c -e- ; M. Košírer 
600 1 7 |a Turčány, Viliam,  |d 1928-2021  |2 snkbucl  |9 102025 
655 7 |a články z novín a časopisov  |2 snkbucl  |9 267496 
655 7 |a články z odboru literárna veda a krásna literatúra  |2 snkbucl  |9 770045 
700 1 |a Košírer, M.  |4 gup  |9 924280 
773 0 |t Rozhlas  |g Č. 6 (1983), s. /3/ 
850 |a Slovenská národná knižnica v Martine  |a MTA001 
852 |a SNK  |b KIS3GCP 
958 |a BX 
958 |a RK 
958 |a LX 
992 |a RBX 
999 |c 1465021  |d 1466951